| 000 | 00707nam a22001937a 4500 | ||
|---|---|---|---|
| 999 |
_c176033 _d176033 |
||
| 010 | _a1617CH-EN | ||
| 020 |
_a9789385755491 _c199.00 |
||
| 035 | _aB-64490-510 | ||
| 035 | _aB-649495 | ||
| 037 |
_aDPL _bDBAD |
||
| 082 |
_a799.2092 _bCOR |
||
| 100 | _aCorbett, Jim | ||
| 245 |
_aThe hunter's friends: _cby Jim Corbett _bselected writings / |
||
| 260 |
_aNew Delhi _bSpeaking Tiger _c2016 |
||
| 270 |
_a4381/4, Ansari Road, Daryaganj, _bNew Delhi _e110002 |
||
| 300 |
_a200p. _c19cm(pbk) |
||
| 942 |
_2ddc _cCH _mCOR _h799.2092 |
||